000 00422nam a2200193Ia 4500
005 20240823023155.0
008 240823s9999||||xx |||||||||||||| ||und||
041 _aENGLISH
082 _A510.212 N2
100 _aOliver
245 0 _aClark s Tables
250 _a1st
260 _c1992
_b"Orient,Madras"
500 _aTransfered
650 _aTables
_bGeneral
700 _a Boyd
942 _cBK
999 _c180915
_d180915